<?xml version="1.0" encoding="UTF-8"?><?xml-stylesheet type="text/xsl" href="static/style.xsl"?><OAI-PMH xmlns="http://www.openarchives.org/OAI/2.0/" xmlns:xsi="http://www.w3.org/2001/XMLSchema-instance" xsi:schemaLocation="http://www.openarchives.org/OAI/2.0/ http://www.openarchives.org/OAI/2.0/OAI-PMH.xsd"><responseDate>2026-04-28T22:31:15Z</responseDate><request verb="GetRecord" identifier="oai:riubu.ubu.es:10259/11171" metadataPrefix="marc">https://riubu.ubu.es/oai/request</request><GetRecord><record><header><identifier>oai:riubu.ubu.es:10259/11171</identifier><datestamp>2025-12-20T01:05:24Z</datestamp><setSpec>com_10259_9622</setSpec><setSpec>com_10259_5086</setSpec><setSpec>com_10259_2604</setSpec><setSpec>col_10259_11032</setSpec></header><metadata><record xmlns="http://www.loc.gov/MARC21/slim" xmlns:doc="http://www.lyncode.com/xoai" xmlns:xsi="http://www.w3.org/2001/XMLSchema-instance" xmlns:dcterms="http://purl.org/dc/terms/" xsi:schemaLocation="http://www.loc.gov/MARC21/slim http://www.loc.gov/standards/marcxml/schema/MARC21slim.xsd">
<leader>00925njm 22002777a 4500</leader>
<datafield tag="042" ind1=" " ind2=" ">
<subfield code="a">dc</subfield>
</datafield>
<datafield tag="720" ind1=" " ind2=" ">
<subfield code="a">Huerta Zavala, Pilar Angélica</subfield>
<subfield code="e">author</subfield>
</datafield>
<datafield tag="260" ind1=" " ind2=" ">
<subfield code="c">2021</subfield>
</datafield>
<datafield tag="520" ind1=" " ind2=" ">
<subfield code="a">El desarrollo tecnológico incide directamente en el ámbito educativo al considerar la escuela &#xd;
como “un reflejo de la sociedad” que integra los nuevos escenarios del siglo XXI. Los estudios &#xd;
actuales reflejan la necesidad de una formación basada en un currículo por competencias. Este &#xd;
enfoque coincide con la concepción planteada por un cambio en la sociedad de la información. &#xd;
De este modo, se considera una prioridad tener presente estas situaciones problemáticas al &#xd;
abordar la educación del Siglo XXI.</subfield>
</datafield>
<datafield tag="024" ind2=" " ind1="8">
<subfield code="a">978-84-368-4262-3</subfield>
</datafield>
<datafield tag="024" ind2=" " ind1="8">
<subfield code="a">https://hdl.handle.net/10259/11171</subfield>
</datafield>
<datafield tag="245" ind1="0" ind2="0">
<subfield code="a">Profesor digital del siglo XXI</subfield>
</datafield>
</record></metadata></record></GetRecord></OAI-PMH>